000 01944cam a22004934i 4500
003 PE-LiUPU
005 20250731173352.0
008 150706s r 000 0 d
020 _a8425424074
035 _a(Sirsi) i9788425424076
040 _aPE-LiUPU
_bspa
_cPE-LiUPU
_erda
049 _aPRUA
082 0 4 _a218.17
_bT73
_221
100 1 _aTorralba Roselló, Francesc,
_d1967- ,
_eautor.
245 1 1 _a¿Qué es la dignidad humana? :
_bensayo sobre Peter Singer, Hugo Tristram Engelhardt y John Harris /
_cFrancesc Torralba Roselló .
264 1 _aBarcelona :
_bHerder,
_c[2005] .
300 _a414 páginas ;
_c22 centímetros
336 _atext
_2rdacontent
337 _aunmediated
_2rdamedia
338 _avolume
_2rdacarrier
505 0 _aEl laberinto de la dignidad -- El concepto de persona en la obra de Peter Singer -- El concepto de persona en la obra de H:T Engelhardt -- El concepto de la persona en la obra de John Harris -- El concepto de persona. Síntesis histórica.
526 _aSEG42
526 _aSEG41
526 _aSEG40
526 _aSEG39
526 _aP94
526 _aP87
526 _aP86
526 _aP85
526 _aP77
526 _aP76
526 _aP35
541 _g007-0020801;
600 1 _aEngelhardt, H. Tristram
_xCrítica e interpretación
600 1 _aHarris, John
600 1 _aSinger, Peter
_xCrítica e interpretación
650 0 4 _aDignidad de la persona.
910 _bjv
_cng
_d20100621
942 _2ddc
_cBOOK
949 _a218.17 T73
_wDEWEY
_c1
_i61905
_lCCODEBUL1
_mBUL
_p34.00
_r0
_sY
_tBOOK
_u2015-7-6
_xTEOLOGIA
_PP35
_0COMPRA
_o.STAFF. Colección General
994 _aC0
_bPEPRU
596 _a1
999 _a218.17 T73
_wDEWEY
_c51020
_i61905
_d51020
_f2021-11-9
_g5
_lCCODEBUL1
_mBUL
_p34.00
_q1
_r0
_sY
_tBOOK
_u2015-7-6
_xTEOLOGIA
_PP35
_0COMPRA
_o.STAFF. Colección General
980 _81
_gALBERTO SANCHEZ Responsable de Automatización